000 00277nam a2200109Ia 4500
001 1261048
005 20260417140344.0
008 260417s9999 xx 000 0 und d
020 _a9789752970687
245 0 _aDövüşen Anlatsın
_cAhmet Telli
260 _bEverest Yayınları
999 _c1261048
_d1261048